Reflexiones en torno a la identidad nacional costarricense

Αποθηκεύτηκε σε:
Λεπτομέρειες βιβλιογραφικής εγγραφής
Κύριος συγγραφέας: Golcher, Erika
Μορφή: Άγνωστο
Έκδοση: San José, C.R.: Editorial de la Universidad de Costa Rica,
Θέματα:
Ετικέτες: Προσθήκη ετικέτας
Δεν υπάρχουν, Καταχωρήστε ετικέτα πρώτοι!

MARC

LEADER 000000000a22000000004500
001 000020
022 |a 0377-7316 
041 0 |a español 
100 1 |a Golcher, Erika 
245 1 0 |a Reflexiones en torno a la identidad nacional costarricense 
260 |a San José, C.R.:   |b Editorial de la Universidad de Costa Rica, 
650 4 |a IDENTIDAD NACIONAL COSTARRICENSE 
650 4 |a COSTA RICA 
650 4 |a HISTORIA 
650 4 |a DEMOCRACIA 
773 0 |t Anuario de Estudios Centroamericanos 
773 0 |g 19 
773 0 |g 2 
773 0 |g 1993 
773 0 |g 91-99 páginas 
999 |c 773  |d 773